000 00472nam a2200133Ia 4500
005 20260328101506.0
008 260328s9999||||xx |||||||||||||| ||und||
100 _aSanín Santamaría, Juan Diego
245 0 _aHogar en Tránsito :
_b Entre las tácticas de la malicia indígena y las estrategias de la inclusión Social /
_cJuan Diego Sanín Santamaría
260 _bUniversidad Pontificia Bolivariana
300 _a235 p.
650 _aVIVIENDA DE EMERGENCIA
942 _cBK
999 _c9047
_d9047